SUNTRAS放送で流れる定期行先 - Statistics

General Stats
  • This quiz has been taken 1,141 times
  • The average score is 103 of 133
Answer Stats
路線名 駅名 % Correct
[A]北陸線 | [B]湖西線 敦賀
98%
米原
98%
[A]京都線 | [D]奈良線 京都
98%
新大阪
97%
[A]神戸線 | [O]大阪環状線 大阪
97%
草津
95%
[A]山陽線 姫路
95%
奈良
95%
高槻
94%
[A]赤穂線 播州赤穂
94%
福知山
94%
近江塩津
93%
尼崎
93%
神戸
93%
和歌山
93%
西明石
92%
関西空港
92%
金沢
92%
[A]琵琶湖線 長浜
91%
宝塚
91%
野洲
90%
天王寺
90%
山陽本線 岡山
90%
加古川
88%
[H]学研都市線 京橋
88%
日根野
87%
名古屋
87%
吹田
86%
桜島
86%
東海道本線 東京
86%
高山本線 高山
86%
相生
85%
柘植
85%
久宝寺
85%
[P]ゆめ咲線 西九条
85%
北陸本線 福井
85%
七尾線 和倉温泉
85%
予讃線 高松
85%
放出
84%
鳥取
84%
上郡
83%
近江今津
83%
木津
83%
[L]舞鶴線 東舞鶴
83%
83%
新宮
83%
出雲市
83%
大垣
83%
網干
82%
[E]嵯峨野線 嵯峨嵐山
82%
新三田
81%
園部
80%
羽衣線 東羽衣
80%
堅田
79%
亀岡
79%
王寺
79%
亀山
79%
須磨
78%
加茂
78%
御坊
78%
豊橋
78%
甲子園口
77%
城崎温泉
77%
浜松
77%
宇治
76%
篠山口
74%
新見
74%
[Q]大和路線 JR難波
74%
近江舞子
73%
城陽
73%
紀勢線 和歌山市
73%
白浜
72%
[C]草津線 貴生川
71%
松井山手
71%
同志社前
71%
桜井
71%
[G]JR宝塚線 塚口
70%
山陰本線 豊岡
69%
倉吉
68%
三原
67%
天橋立
67%
永原
66%
高田
65%
きのくに線 紀伊田辺
65%
東岸和田
64%
福山
64%
備中高梁
64%
寺前
62%
和泉府中
62%
熊取
62%
五条
62%
[W]きのくに線 海南
62%
南海電鉄 難波
62%
橋本
61%
四条畷
60%
播磨新宮
58%
浜坂
58%
糸崎
58%
京田辺
56%
[V]関西線 伊賀上野
56%
京都丹後鉄道 宮津
56%
和泉砂川
54%
長尾
52%
佐用
52%
柏原
51%
伯備線 総社
51%
湯浅
50%
香住
50%
[J]播但線 福崎
44%
上月
44%
粉河
44%
箕島
36%
[K]姫新線 余部
34%
No matching quizzes found
Score Distribution
Percent of People with Each Score
Percentile by Number Answered
Your Score History
You have not taken this quiz